000 00468nam a22001817a 4500
999 _c22993
_d22993
003 OSt
005 20200226130110.0
008 170215b xxu||||| |||| 00| 0 eng d
020 _a9780702025976
040 _aMMU
_beng
_cMMU
_dMMU
050 _aSF9955 .P685 1999
245 _aDiseases of poultry /
_cedited by Y. M Saif
250 _a11th ed.
260 _aIowa :
_bIowa State,
_c2003
300 _a1231 p.:
650 _aPoultry- Diseases
942 _2lcc
_cLOAN LOAN